[Event "Sydney International Open 2007"]
[Site "Parramatta"]
[Date "2007.04.10"]
[Round "1"]
[White "Shipov, Sergei"]
[Black "Tulevski, Vasil G"]
[Result "1-0"]
[WhiteElo "2592"]
[BlackElo "2001"]
[WhiteACF "-"]
[BlackACF "1857"]
1.d4 d5 2.c4 e6 3.Nc3 Be7 4.cxd5 exd5 5.Bf4 c6 6.Qc2 Nf6 7.e3 O-O 8.Bd3 Re8 9.Nf3 Nbd7 10.h3 Nf8 11.O-O-O b5 12.Kb1 a5 13.g4 Kh8 14.Ne5 Be6 15.Nxc6 Qb6 16.Nxe7 Rxe7 17.Nxb5 a4 18.Bd6 Ree8 19.Qc7 Rab8 20.Qxb6 Rxb6 21.Bc5 Rc6 22.Nc3 Rc7 23.Nxa4 N8d7 24.f3 Ra8 25.Nb6 Nxb6 26.Bxb6 Rb7 27.Bc5 Nd7 28.Rc1 g6 29.b3 Kg7 30.Kb2 Nb8 31.Bd6 Na6 32.Rc6 Rba7 33.Be5+ Kf8 34.a4 Bd7 35.Rb6 Ke8 36.Rc1 Bc8 37.Rxc8+ Rxc8 38.Bxa6 Rd8 39.Bf6 Rda8 40.Bb7 Rxb7 41.Rxb7

[Event "Sydney International Open 2007"]
[Site "Parramatta"]
[Date "2007.04.10"]
[Round "1"]
[White "Stojic, Svetozar"]
[Black "Mikhalevski, Victor"]
[Result "0-1"]
[WhiteElo "1991"]
[BlackElo "2590"]
[WhiteACF "1875"]
[BlackACF "-"]
1.e4 e5 2.Nf3 Nc6 3.Bb5 a6 4.Ba4 Nf6 5.O-O Nxe4 6.d4 b5 7.Bb3 d5 8.dxe5 Be6 9.c3 Bc5 10.Nbd2 O-O 11.Bc2 Nxf2 12.Rxf2 f6 13.exf6 Bxf2+ 14.Kxf2 Qxf6 15.Nf1 Ne5 16.Be3 Rae8 17.Bc5 Nxf3 18.gxf3 Rf7 19.Kg1 Qxf3 20.Qxf3 Rxf3 21.a4 Bh3 22.Ng3 g6 23.Rd1 Kf7 24.axb5 axb5 25.Bd3 c6 26.Bf1 Bxf1 27.Rxf1 Rxf1+ 28.Kxf1 Ra8 29.Ne2 Ra2 30.b4 g5 31.Kf2 h5 32.h3 Kg6 33.Kf3 h4 34.Bd6 Rd2 35.Bc5 Kf5 36.Be3 Rd3 37.Nd4+ Kf6 38.Ne2 Ke5 39.Kf2 Ke4 40.Bxg5 Rxh3 41.Kg2 Re3 42.Bxe3 Kxe3 43.Nd4 Kd3 44.Nxc6 Kxc3 45.Kf2 h3 46.Ne5 h2

[Event "Sydney International Open 2007"]
[Site "Parramatta"]
[Date "2007.04.10"]
[Round "1"]
[White "Timoshenko, Georgy"]
[Black "Forster, William"]
[Result "1-0"]
[WhiteElo "2566"]
[BlackElo "1983"]
[WhiteACF "-"]
[BlackACF "1892"]
1.e4 c5 2.Nf3 Nc6 3.d4 cxd4 4.Nxd4 g6 5.c4 Nf6 6.Nc3 d6 7.Be2 Nxd4 8.Qxd4 Bg7 9.O-O O-O 10.Bg5 Be6 11.Qd2 Qa5 12.Rac1 Rfc8 13.b3 a6 14.f4 b5 15.f5 gxf5 16.exf5 Bd7 17.Bd3 bxc4 18.bxc4 Bc6 19.Kh1 Rab8 20.Rfe1 Rc7 21.Re2 Kf8 22.Bh6 d5 23.Bxg7+ Kxg7 24.Qg5+ Kf8 25.Qh6+ Kg8 26.Rxe7 Rxe7 27.Qg5+ Kf8 28.Qxf6 Reb7 29.Re1 Kg8 30.Qg5+ Kh8 31.f6 Rg8 32.Qh6 Rg6 33.Bxg6 fxg6 34.Re8+ Bxe8 35.Qf8+

[Event "Sydney International Open 2007"]
[Site "Parramatta"]
[Date "2007.04.10"]
[Round "1"]
[White "Matamoros Franco, Carlos S"]
[Black "Selnes, Hamish"]
[Result "1-0"]
[WhiteElo "2523"]
[BlackElo "1976"]
[WhiteACF "-"]
[BlackACF "1785"]
1.d4 d5 2.c4 e6 3.Nf3 c5 4.cxd5 exd5 5.g3 Nc6 6.Bg2 Nf6 7.O-O Be7 8.Nc3 O-O 9.Bg5 cxd4 10.Nxd4 h6 11.Be3 Re8 12.Rc1 Bf8 13.Na4 Bd7 14.Nc5 Bxc5 15.Rxc5 Nxd4 16.Bxd4 Bg4 17.Re1 Ne4 18.Rc1 Be6 19.Qa4 h5 20.Qb4 b6 21.Be5 h4 22.f3 h3 23.Bf1 Nf6 24.Qd4 Rc8 25.g4 Nh7 26.Bxh3 Qg5 27.Bf4 Qh4 28.Bg2 Rc4 29.Qd2 Rec8 30.Rxc4 dxc4 31.Rd1 Qe7 32.e4 g5 33.Be3 Nf8 34.Bxg5 f6 35.Bf4 Ng6 36.Bg3

[Event "Sydney International Open 2007"]
[Site "Parramatta"]
[Date "2007.04.10"]
[Round "1"]
[White "Canfell, Mike J"]
[Black "Rogers, Ian"]
[Result "0-1"]
[WhiteElo "1976"]
[BlackElo "2513"]
[WhiteACF "1746"]
[BlackACF "2621"]
1.e4 c5 2.Nf3 g6 3.d4 cxd4 4.Nxd4 Bg7 5.c4 Nc6 6.Be3 Nf6 7.Nc3 Ng4 8.Qxg4 Nxd4 9.Qd1 Nc6 10.Qd2 d6 11.Be2 O-O 12.O-O f5 13.Rad1 Be6 14.exf5 gxf5 15.Bh6 Bxh6 16.Qxh6 Rf6 17.Qf4 Qb6 18.b3 Kh8 19.Bf3 Rg8 20.Bd5 Rg4 21.Qe3 Bxd5 22.Nxd5 Qxe3 23.Nxe3 Rg8 24.f4 Rgf8 25.Nd5 R6f7 26.Rd2 Rc8 27.Re1 Kg7 28.Rde2 Kf8 29.Re6 Rg7 30.Kf2 Rd8 31.R6e3 Rd7 32.Rg3 Rxg3 33.Kxg3 Kf7 34.Rd1 e6 35.Nc3 a6 36.Kf2 Ne7 37.g3 Ng8 38.Ke3 Nf6 39.h3 Ke7 40.Kf3 h5 41.Re1 Kf7 42.Rd1 Rd8 43.Rd4 Ke7 44.Rd3 Rc8 45.Re3 Kd7 46.Na4 Re8 47.Nc3 Kc6 48.a3 Kd7 49.Rd3 Rc8 50.Na4 Rc6 51.c5 d5 52.b4 Rc7 53.Nc3 Kc6 54.Ne2 Rg7 55.Re3 Ne4 56.a4 a5 57.bxa5 Kxc5 58.Rb3 Nd2+

[Event "Sydney International Open 2007"]
[Site "Parramatta"]
[Date "2007.04.10"]
[Round "1"]
[White "Zhao, Zong-Yuan"]
[Black "Holland, Dennis"]
[Result "0-1"]
[WhiteElo "2476"]
[BlackElo "1961"]
[WhiteACF "2537"]
[BlackACF "1806"]
1.Nf3 Nf6 2.g3 g6 3.Bg2 Bg7 4.c4 d5 5.O-O d4 6.d3 O-O 7.e3 Nc6 8.exd4 Nxd4 9.Re1 Bf5 10.Nc3 c6 11.Ne4 Bg4 12.Nxf6+ Bxf6 13.Bh6 Re8 14.Re4 Bf5 15.Nxd4 Bxe4 16.Ne6 Qxd3 17.Qxd3 Bxd3 18.Nc7 Bxc4

[Event "Sydney International Open 2007"]
[Site "Parramatta"]
[Date "2007.04.10"]
[Round "1"]
[White "Johansen, Darryl K"]
[Black "Yu, Derek"]
[Result "1-0"]
[WhiteElo "2456"]
[BlackElo "1958"]
[WhiteACF "2467"]
[BlackACF "1786"]
1.c4 e5 2.Nc3 Nf6 3.Nf3 Nc6 4.g3 Nd4 5.Bg2 Nxf3+ 6.Bxf3 Bb4 7.Qc2 O-O 8.a3 Bxc3 9.Qxc3 Re8 10.O-O c6 11.d3 d6 12.Bg2 Bg4 13.Re1 Qd7 14.Bg5 Nh5 15.Be3 Bh3 16.Bf3 Bg4 17.d4 Bxf3 18.exf3 exd4 19.Qxd4 Nf6 20.Rad1 Red8 21.Bg5 Qf5 22.Bxf6 Qxf6 23.Qxf6 gxf6 24.Re7 Rab8 25.Rc7 Kf8 26.Rd4 a5 27.Rf4 Kg7 28.Re4 Rdc8 29.Rd7 Rd8 30.Ree7 Rxd7 31.Rxd7 b5 32.Rxd6 bxc4 33.Rxc6 Rxb2 34.Rxc4 Rb5 35.Kg2 f5 36.Kh3 Kg6 37.Rc6+ f6 38.Ra6 Kg5 39.f4+ Kg6 40.a4 Rc5 41.Kg2 Kf7 42.Ra7+ Kg6 43.Kh3 Rc2 44.Kg2 Rc5 45.Ra8 Kf7 46.Ra6 Kg6 47.Ra7 Rd5 48.Kf3 Rd3+ 49.Ke2 Rd5 50.Ke3 h6 51.Rb7 Rd6 52.Rb5 Ra6 53.Kd3 Rd6+ 54.Kc3 Rc6+ 55.Kb3 Ra6 56.h3 h5 57.h4

[Event "Sydney International Open 2007"]
[Site "Parramatta"]
[Date "2007.04.10"]
[Round "1"]
[White "Korenevski, Oleg"]
[Black "Antic, Dejan"]
[Result "0-1"]
[WhiteElo "1933"]
[BlackElo "2443"]
[WhiteACF "1717"]
[BlackACF "2428"]
1.d4 Nf6 2.Nc3 d5 3.Bg5 Nbd7 4.Nf3 h6 5.Bh4 e6 6.a3 c5 7.e3 Be7 8.Bb5 O-O 9.Bxd7 Bxd7 10.Ne5 Rc8 11.Nxd7 Qxd7 12.O-O Rfd8 13.Qe2 b6 14.Qa6 cxd4 15.exd4 Rc4 16.Rfd1 Rdc8 17.f3 Nh5 18.Bxe7 Qxe7 19.Rd2 Nf4 20.Rad1 h5 21.Kh1 h4 22.h3 g6 23.Rg1 Kg7 24.Re1 Qg5 25.Red1 R8c6 26.Rf2 Qg3 27.Rdf1 Rc7 28.Qb5 Rxd4 29.Ne2 Nxe2 30.Qxe2 Rdc4 31.Qd3 Qf4 32.Rd2 b5 33.c3 a5 34.Rfd1 Qf6 35.Kg1 Rb7 36.Rc2 Rb8 37.Kf1 Qe7 38.Qe3 Qd6 39.Rd4 e5 40.Rxc4 bxc4 41.Qg5 Qf6 42.Qxf6+ Kxf6 43.Ke2 Ke6 44.Ke3 Kd6 45.f4 f6 46.fxe5+ fxe5 47.Rf2 Ke6 48.Re2 Rb7 49.Rf2 Rf7 50.Re2 Rf4 51.Kd2 Kd6 52.Kc2 a4 53.Kd2 Rf1 54.Ke3 Ke6 55.Rd2 g5 56.Ke2 Rf4 57.Ke3 g4 58.hxg4 Rxg4 59.Kf3 Rg3+ 60.Kf2 e4 61.Re2 Ke5 62.Kf1 Rd3 63.Re1 d4 64.cxd4+ Kxd4 65.Re2 c3 66.bxc3+ Rxc3 67.Ra2 Kc4 68.Re2 e3 69.Rb2 Rxa3 70.Rb8 Rb3 71.Re8 Kd3 72.Rd8+ Kc2 73.Ra8 a3 74.Rh8 a2 75.Ra8 Kb2

[Event "Sydney International Open 2007"]
[Site "Parramatta"]
[Date "2007.04.10"]
[Round "1"]
[White "Solomon, Stephen J"]
[Black "Maroroa, Sue"]
[Result "0-1"]
[WhiteElo "2430"]
[BlackElo "1932"]
[WhiteACF "2428"]
[BlackACF "-"]
1.Nf3 c5 2.c4 Nc6 3.d4 cxd4 4.Nxd4 Nf6 5.Nc3 e6 6.e3 Bb4 7.Bd2 O-O 8.Be2 d5 9.Nxc6 bxc6 10.cxd5 cxd5 11.O-O Bd6 12.Nb5 Bb8 13.Bf3 Ba6 14.Qb3 Bxh2+ 15.Kxh2 Qb6 16.Kg1 Qxb5 17.Qxb5 Bxb5 18.Rfc1 Rfc8 19.Bc3 Bd3 20.Bxf6 gxf6 21.Rd1 Bg6 22.Rac1 Kf8 23.Be2 Bc2 24.Ba6 Bxd1 25.Rxc8+ Rxc8 26.Bxc8 Be2 27.Bd7 Ke7 28.Ba4 h5 29.f3 h4 30.Kf2 Bd3 31.b4 e5 32.a3 f5 33.Bb3 Kd6 34.Ba4 f6 35.Be8 f4 36.exf4 exf4 37.Ba4 Ke5 38.Bd7 Kd4 39.a4 Kc3 40.b5 Kb4

[Event "Sydney International Open 2007"]
[Site "Parramatta"]
[Date "2007.04.10"]
[Round "1"]
[White "Lane, Gary W"]
[Black "Brown, Andrew"]
[Result "1-0"]
[WhiteElo "2421"]
[BlackElo "1917"]
[WhiteACF "2452"]
[BlackACF "1912"]
1.e4 c5 2.Nc3 Nc6 3.Nf3 g6 4.d4 cxd4 5.Nxd4 Bg7 6.Be3 d6 7.Bc4 Nf6 8.h3 O-O 9.Bb3 a6 10.O-O Na5 11.f4 Nxb3 12.axb3 Nd7 13.Qf3 Nc5 14.f5 Nd7 15.Qg3 Be5 16.Qh4 Bf6 17.Qf2 Bg7 18.Rad1 Ne5 19.Qh4 Nc6 20.Nd5 e6 21.Qxd8 Rxd8 22.Nxc6 bxc6 23.Ne7+ Kh8 24.Nxc6 Rd7 25.fxe6 fxe6 26.Bd4 Bb7 27.Bxg7+ Rxg7 28.Rxd6 Rc8 29.Nd8 Re7 30.Nxe6 Bxe4 31.c3 Rce8 32.Nc5 Bc2 33.Rd2 Re2 34.Rxe2 Rxe2 35.Rf2 Re1+ 36.Kh2 Re5 37.b4

[Event "Sydney International Open 2007"]
[Site "Parramatta"]
[Date "2007.04.10"]
[Round "1"]
[White "Xie, George"]
[Black "Jule, Alexandra"]
[Result "1-0"]
[WhiteElo "2404"]
[BlackElo "1909"]
[WhiteACF "2375"]
[BlackACF "1612"]
1.e4 e6 2.d4 d5 3.Nc3 Nf6 4.Bg5 dxe4 5.Nxe4 Be7 6.Bxf6 Bxf6 7.Nf3 O-O 8.Bd3 Nd7 9.Qe2 c5 10.Nxf6+ Nxf6 11.O-O-O Qa5 12.Kb1 cxd4 13.Nxd4 e5 14.Nb3 Qc7 15.Rhe1 Re8 16.f3 Bd7 17.Nd2 b5 18.Bxb5 Bxb5 19.Qxb5 Rab8 20.Qc4 Qb6 21.Nb3 Rec8 22.Qh4 Qc7 23.c3 Rb5 24.Qa4 Rcb8 25.Qa6 R8b6 26.Qxa7 Rb7 27.Qa3 Nd5 28.Qa4 Qc8 29.c4 Rb4 30.Qa5 Nc7 31.Qxe5 Rxc4 32.Na5 Rb5 33.Qe7

[Event "Sydney International Open 2007"]
[Site "Parramatta"]
[Date "2007.04.10"]
[Round "1"]
[White "Bekker, Gary D"]
[Black "Ansell, Simon"]
[Result "0-1"]
[WhiteElo "1904"]
[BlackElo "2402"]
[WhiteACF "1656"]
[BlackACF "-"]
1.d4 d5 2.c4 c6 3.Nc3 Nf6 4.Nf3 dxc4 5.a4 Bf5 6.Ne5 Nbd7 7.Nxc4 Nd5 8.f3 e5 9.e4 Nxc3 10.bxc3 Be6 11.Be3 exd4 12.Bxd4 Qc7 13.Be2 Rd8 14.Qc2 Be7 15.O-O O-O 16.Rab1 a6 17.Rfd1 b5 18.Nb2 Bd6 19.h3 Nc5 20.c4 b4 21.Nd3 Bh2+ 22.Kh1 Nxe4 23.fxe4 Rxd4 24.Nxb4 Rxd1+ 25.Rxd1 Be5 26.Nd3 Bf6 27.Ne1 g6 28.Nf3 Rb8 29.Nd4 Bc8 30.Qd2 c5 31.Nf3 Be6 32.Qc2 Rb2 33.Qd3 Qg3 34.Rb1 Rxb1+ 35.Qxb1 g5 36.Qe1 Qf4 37.Qd2 Qxe4 38.Nxg5 Qb1+ 39.Kh2 Bf5 40.Nf3 Qe4 41.Qa2 Qc2 42.Qxc2 Bxc2 43.a5 Bc3 44.Kg3 Bxa5 45.Kf4 Bc3 46.Ne5 Bxe5+ 47.Kxe5 a5 48.Kd5 a4 49.Kxc5 a3 50.Kb4 a2 51.Kc3 a1=Q+ 52.Kxc2 Qd4

[Event "Sydney International Open 2007"]
[Site "Parramatta"]
[Date "2007.04.10"]
[Round "1"]
[White "Goldenberg, Igor"]
[Black "Tsagarakis, Angelo"]
[Result "1-0"]
[WhiteElo "2388"]
[BlackElo "1901"]
[WhiteACF "2368"]
[BlackACF "1801"]
1.d4 Nf6 2.Nf3 c5 3.d5 b5 4.Bg5 Qb6 5.c3 g6 6.Bxf6 exf6 7.Nbd2 d6 8.a4 Bb7 9.e4 a6 10.Qb3 Bg7 11.axb5 O-O 12.Bd3 axb5 13.Rxa8 Bxa8 14.Qxb5 Qc7 15.O-O Nd7 16.Ra1 Rb8 17.Qa4 Bb7 18.Qc2 Bc8 19.Nc4 Nb6 20.Nfd2 h5 21.Nxb6 Qxb6 22.Nc4 Qc7 23.h3 Bd7 24.Bf1 Bb5 25.Nd2 Bd7 26.Ra2 Kh7 27.Bd3 Bh6 28.Nc4 Bb5 29.Na3 Bd7 30.Qe2 Qb6 31.Qf3 Kg7 32.Nc4 Qc7 33.Qg3 Bc1 34.Qxd6 Qxd6 35.Nxd6 Bxb2 36.Bb5 Rb6 37.Bxd7 Rxd6 38.Rxb2 Rxd7 39.Rb5 f5 40.f3 fxe4 41.fxe4 f5 42.Rxc5 fxe4 43.c4 Kf6 44.Rc6+ Kf5 45.Kf2 Rb7 46.Ke3 Rb2 47.Kd4 Rd2+ 48.Kc5 e3 49.Re6 h4 50.Kd6 Rd4 51.Rxe3 Rxc4 52.Re2 g5 53.Rf2+ Rf4 54.Rxf4+ Kxf4 55.Ke6 Kg3 56.Kf5 g4 57.d6 gxh3 58.gxh3 Kxh3 59.d7 Kg3 60.d8=Q h3 61.Qg5+ Kh2

[Event "Sydney International Open 2007"]
[Site "Parramatta"]
[Date "2007.04.10"]
[Round "1"]
[White "Tulic, Ido"]
[Black "Bjelobrk, Igor"]
[Result "0-1"]
[WhiteElo "1900"]
[BlackElo "2386"]
[WhiteACF "1900"]
[BlackACF "2422"]
1.e4 c5 2.Nf3 e6 3.d4 cxd4 4.Nxd4 Nc6 5.Nxc6 bxc6 6.Nc3 d5 7.Bd3 Nf6 8.exd5 cxd5 9.O-O Bd6 10.Bg5 O-O 11.Qf3 Rb8 12.Bxf6 Qxf6 13.Qxf6 gxf6 14.b3 Be5 15.Rae1 Bxc3 16.Re3 Be5 17.Rh3 f5 18.Re1 Bd4 19.Rh4 Bf6 20.Rh5 Rb4 21.g3 Bd7 22.f4 Bb5 23.a3 Bxd3 24.axb4 Bxc2 25.Re2 Bd1 26.Kf2 Rb8 27.Rh3 Bxe2 28.Kxe2 Rxb4 29.g4 fxg4 30.Rd3 Rxf4 31.Kd2 Rf2+ 32.Kc1 Rxh2 33.Rd2 Bg5 34.Kc2 Rxd2+ 35.Kc3 a5

[Event "Sydney International Open 2007"]
[Site "Parramatta"]
[Date "2007.04.10"]
[Round "1"]
[White "West, Guy"]
[Black "Reid, Vaness"]
[Result "1-0"]
[WhiteElo "2368"]
[BlackElo "1885"]
[WhiteACF "2326"]
[BlackACF "1630"]
1.e4 e6 2.d4 d5 3.Nc3 Nf6 4.Bg5 Be7 5.e5 Nfd7 6.h4 Bxg5 7.hxg5 Qxg5 8.Nf3 Qe7 9.Qd3 f5 10.exf6 Nxf6 11.Ne5 Nbd7 12.Ng6 Qb4 13.Nxh8 c5 14.O-O-O Nb6 15.Qb5+

[Event "Sydney International Open 2007"]
[Site "Parramatta"]
[Date "2007.04.10"]
[Round "1"]
[White "Huynh, Arthur"]
[Black "Sales, Jesse Noel"]
[Result "0-1"]
[WhiteElo "1879"]
[BlackElo "2361"]
[WhiteACF "1879"]
[BlackACF "2389"]
1.d4 Nc6 2.Nf3 d5 3.c4 Bg4 4.cxd5 Bxf3 5.dxc6 Bxc6 6.Nc3 e6 7.e4 Bb4 8.f3 Qh4+ 9.g3 Qf6 10.Be3 O-O-O 11.Qe2 g5 12.a3 Ba5 13.Rd1 g4 14.Bg2 gxf3 15.Bxf3 Bxc3+ 16.bxc3 Bb5 17.Qg2 Qg6 18.Kf2 Nf6 19.Rhe1 h5 20.h3 Ba6 21.Kg1 Kb8 22.Bf4 Nd7 23.c4 e5 24.dxe5 Qe6 25.Qd2 b6 26.Bg5 Nxe5 27.Qxd8+ Rxd8 28.Rxd8+ Kb7 29.Bg2 Bxc4 30.Red1 Be2 31.R1d5 Bf3 32.Bf4 Bxg2 33.Kxg2 Ng6 34.e5 a5 35.a4 Qc6 36.Kf2 Qxa4 37.Ke3 h4 38.Rd4 Qa3+ 39.Rd3 Qc5+ 40.Ke4 Qf2 41.Rf3 Qe2+ 42.Re3 Qg2+

[Event "Sydney International Open 2007"]
[Site "Parramatta"]
[Date "2007.04.10"]
[Round "1"]
[White "Ly, Moulthun"]
[Black "Guo-Yuthok, Sherab"]
[Result "1-0"]
[WhiteElo "2322"]
[BlackElo "1877"]
[WhiteACF "2260"]
[BlackACF "1798"]
1.e4 e5 2.Nf3 Nc6 3.Bb5 f5 4.d3 fxe4 5.dxe4 Nf6 6.O-O d6 7.Qe2 Bg4 8.Rd1 Qc8 9.Nc3 Be7 10.Nd5 Bd8 11.Qc4 Bxf3 12.gxf3 Nd7 13.Ne3 Nd4 14.Rxd4 exd4 15.Qe6+ Be7 16.Nf5 Qd8 17.Bg5

[Event "Sydney International Open 2007"]
[Site "Parramatta"]
[Date "2007.04.10"]
[Round "1"]
[White "Wu, Edwin"]
[Black "Smirnov, Vladimir"]
[Result "1-0"]
[WhiteElo "1875"]
[BlackElo "2319"]
[WhiteACF "1805"]
[BlackACF "2303"]
1.e4 c5 2.c3 e5 3.Nf3 d6 4.d4 Qc7 5.Be2 Nf6 6.O-O Be7 7.d5 O-O 8.Nfd2 a6 9.c4 Ne8 10.Nc3 f5 11.exf5 Bxf5 12.Bg4 Qd7 13.Bxf5 Qxf5 14.Nde4 Nd7 15.Qe2 h6 16.f4 Nef6 17.Ng3 Qg4 18.Qd3 Nh5 19.Nxh5 Qxh5 20.Qg3 Rf7 21.Bd2 Raf8 22.fxe5 Nxe5 23.b3 Bh4 24.Qh3 Bf2+ 25.Kh1 Qxh3 26.gxh3 Bd4 27.Rxf7 Rxf7 28.Rd1 Rf3 29.Ne4 Rd3 30.Rf1 Nf3 31.Bf4 Be5 32.Bxe5 dxe5 33.Nxc5 Re3 34.d6 Kf7 35.Kg2

[Event "Sydney International Open 2007"]
[Site "Parramatta"]
[Date "2007.04.10"]
[Round "1"]
[White "Tenorio, Leonardo"]
[Black "Garbett, Paul"]
[Result "*"]
[WhiteElo "1861"]
[BlackElo "2313"]
[WhiteACF "1861"]
[BlackACF "2394"]
1.e4 c5 2.Nf3 e6 3.d4 cxd4 4.Nxd4 Nc6 5.Be3 Nf6 6.Nc3 Bb4 7.Nxc6 bxc6 8.Bd3 d5 9.a3 Bxc3+ 10.bxc3 dxe4 11.Bc4 Qa5 12.Bd2 O-O 13.O-O Ba6 14.Bxa6 Qxa6 15.Re1 Rfd8 16.Qe2 Qxe2 17.Rxe2 Rd5 18.h3 Rad8 19.Be3 a6 20.Bd4 e5 21.Be3 h6 22.g4 Rd1+ 23.Rxd1 Rxd1+ 24.Kg2 h5 25.Bg5 Nh7 26.Be3 hxg4 27.hxg4 f6 28.c4 g6 29.Bh6 g5 30.c3 Kf7 31.Rb2 Kg6 32.Rb6 Rd2 33.Kf1 Rd3 34.Rxc6 Rxc3 35.a4 Kxh6 36.c5 a5 37.Rc8 Rc4 38.c6 Rxa4 39.Ke2 Rc4 40.c7 a4 41.Ke3 a3 42.Ra8 Rxc7 43.Kxe4 Kg6 44.Rxa3 Rc4+ 45.Kf3 Nf8

[Event "Sydney International Open 2007"]
[Site "Parramatta"]
[Date "2007.04.10"]
[Round "1"]
[White "Redgrave, John"]
[Black "Steadman, Michael"]
[Result "1-0"]
[WhiteElo "1857"]
[BlackElo "2273"]
[WhiteACF "1767"]
[BlackACF "2227"]
1.e4 c5 2.Nf3 d6 3.d4 cxd4 4.Nxd4 Nf6 5.Nc3 a6 6.Bg5 Nbd7 7.f4 b5 8.Bxf6 gxf6 9.Nd5 Bb7 10.Ne6 Qa5+ 11.b4 Bxd5 12.bxa5 Bxe6 13.a4 bxa4 14.f5

[Event "Sydney International Open 2007"]
[Site "Parramatta"]
[Date "2007.04.10"]
[Round "1"]
[White "Stojic, Dusan"]
[Black "Hvistendahl, Robert"]
[Result "0-1"]
[WhiteElo "2271"]
[BlackElo "1855"]
[WhiteACF "2223"]
[BlackACF "1857"]
1.d4 Nf6 2.c4 e6 3.Nc3 Bb4 4.Qc2 d5 5.e3 c5 6.Nf3 Nc6 7.Bd2 O-O 8.dxc5 Bxc5 9.a3 a6 10.b4 Be7 11.Bd3 dxc4 12.Bxc4 b5 13.Bd3 Bxb4 14.O-O Bb7 15.Rfd1 Bd6 16.Ne4 h6 17.Bc3 Nxe4 18.Bxe4 Qc7 19.Bb2 f5 20.Bxc6 Bxc6 21.Rac1 Rac8 22.Qc3 Bd5 23.Qd4 Qe7 24.Ne5 Kh7 25.Rc3 Rxc3 26.Qxc3 Qg5 27.g3 Qh5 28.Rd2 Rg8 29.Qd3 Bxe5 30.Bxe5 Rc8 31.Bb2 Qf3 32.e4 fxe4 33.Qxf3 exf3 34.h3 Rc4 35.Kh2 h5 36.Bd4 Kg6 37.h4 Rc1 38.Be3 Rc3 39.g4 Rxa3 40.Kg3 Ra1 41.gxh5+ Kxh5 42.Bg5 Ra4 43.Rd3 Rg4+ 44.Kh3 Rg2 45.Be3 Be4

[Event "Sydney International Open 2007"]
[Site "Parramatta"]
[Date "2007.04.10"]
[Round "1"]
[White "Escalante, Lorenzo"]
[Black "Rej, Tomek"]
[Result "1-0"]
[WhiteElo "1855"]
[BlackElo "2260"]
[WhiteACF "1855"]
[BlackACF "2258"]
1.c4 c5 2.Nf3 Nc6 3.Nc3 g6 4.e3 Bg7 5.d4 cxd4 6.exd4 d6 7.d5 Ne5 8.Nxe5 Bxe5 9.c5 a6 10.Qa4+ Bd7 11.c6 bxc6 12.dxc6 Bf5 13.c7+ Qd7 14.Bb5 axb5 15.Qxa8+ Qc8 16.Qxc8+ Bxc8 17.Nxb5 Nf6 18.Be3 Nd5 19.O-O-O

[Event "Sydney International Open 2007"]
[Site "Parramatta"]
[Date "2007.04.10"]
[Round "1"]
[White "Evans, David A"]
[Black "Suttor, Vincent"]
[Result "0-1"]
[WhiteElo "1597"]
[BlackElo "2153"]
[WhiteACF "1597"]
[BlackACF "2173"]
1.Nf3 Nf6 2.g3 g6 3.Bg2 Bg7 4.O-O O-O 5.d3 d6 6.e4 c5 7.Nbd2 Nc6 8.Re1 Qc7 9.Nf1 Rb8 10.a4 a6 11.c4 b5 12.axb5 axb5 13.Ne3 Nd7 14.cxb5 Rxb5 15.Nd5 Qb8 16.Nc3 Rb6 17.Nd2 Ra6 18.Rxa6 Bxa6 19.Qa4 Bb7 20.Nc4 Nde5 21.Nxe5 Nxe5 22.Qc2 Ba6 23.Rd1 Nc6 24.Bf1 Nd4 25.Qa4 Bb7 26.Nb5 Bc6

[Event "Sydney International Open 2007"]
[Site "Parramatta"]
[Date "2007.04.10"]
[Round "1"]
[White "Cunanan, Homer"]
[Black "Guo, Emma"]
[Result "1-0"]
[WhiteElo "2150"]
[BlackElo "1543"]
1.e4 c5 2.Nf3 e6 3.d4 cxd4 4.Nxd4 a6 5.Nc3 Qc7 6.Bd3 Nf6 7.O-O d6 8.f4 Nc6 9.Be3 Be7 10.Kh1 O-O 11.a4 Bd7 12.Qf3 e5 13.Nxc6 Bxc6 14.fxe5 dxe5 15.Ne2 Rfd8 16.Ng3 Bd7 17.a5 Bc5 18.h3 Bxe3 19.Qxe3 Qc8 20.Rxf6 gxf6 21.Qh6 Bg4 22.hxg4 Qxg4 23.Nh5 Qg6 24.Nxf6+ Kh8 25.Qxg6 hxg6 26.Kg1 Kg7 27.Nd5 Rac8 28.Kf2 Rc5 29.Ke3 f5 30.c4 f4+ 31.Kf3 Rh8 32.b4 Rcc8 33.c5 Rh2 34.Bc4 Rch8 35.Nb6 g5 36.Be6 Rd8 37.Nd5 Rh4 38.Rc1 Rh6 39.Bf5 Rdh8 40.Bg4 Rd8 41.Rb1 Kf7 42.b5 Rb8 43.b6 Rc6 44.Rc1 Rh8 45.Bd7 Rg6 46.c6 g4+ 47.Bxg4 bxc6 48.Nb4 Rhg8 49.Bh5

[Event "Sydney International Open 2007"]
[Site "Parramatta"]
[Date "2007.04.10"]
[Round "1"]
[White "Nomat, Emil-Lion"]
[Black "Moylan, Laura A"]
[Result "0-1"]
[WhiteElo "1461"]
[BlackElo "2092"]
1.e4 c5 2.Nf3 d6 3.d4 cxd4 4.Nxd4 Nf6 5.Nc3 g6 6.Be2 Bg7 7.Be3 Nc6 8.f4 O-O 9.h3 a6 10.Qd2 Nxd4 11.Bxd4 b5 12.Bf3 Bb7 13.Nd5 e5 14.Bb6 Qd7 15.fxe5 Nxd5 16.exd5 dxe5 17.O-O-O Qd6 18.b4 Qxb6

[Event "Sydney International Open 2007"]
[Site "Parramatta"]
[Date "2007.04.10"]
[Round "1"]
[White "Zirdum, Ivan"]
[Black "Kumar, Dhirendra"]
[Result "1-0"]
[WhiteElo "2061"]
[BlackElo "1314"]
1.e4 c5 2.b3 d6 3.Bb2 Nc6 4.Nf3 e6 5.d4 cxd4 6.Nxd4 Nf6 7.Bd3 e5 8.Nf3 h6 9.O-O Bg4 10.h3 Bh5 11.Nbd2 Be7 12.Qe1 Bxf3 13.Nxf3 O-O 14.Nh4 Nh5 15.Nf5 Bg5 16.Be2 Nf4 17.Rd1 Be7 18.Bc4 Qc7 19.Kh2 Rad8 20.g3 Ne6 21.Qe2 Bf6 22.c3 Ne7 23.Ne3 Ng5 24.Ng4 Nh7 25.f4 exf4 26.gxf4 Ng6 27.Bd5 Ne7 28.Ne3 g5 29.Qh5 Bg7 30.Ng4 Nxd5 31.exd5 Bxc3 32.Rc1 Qa5 33.Nxh6+ Kg7 34.Bxc3+ Qxc3 35.Rxc3 Nf6 36.Nf5+ Kg8 37.Qxg5+

[Event "Sydney International Open 2007"]
[Site "Parramatta"]
[Date "2007.04.10"]
[Round "1"]
[White "Kumar, Karishma"]
[Black "Vlietstra, Marc"]
[Result "0-1"]
[WhiteElo "755"]
[BlackElo "2022"]
1.d4 Nf6 2.Nf3 e6 3.Bg5 Be7 4.e3 b6 5.Nbd2 Bb7 6.Be2 h6 7.Bh4 d6 8.O-O g5 9.Bg3 g4 10.Ne1 h5 11.f3 h4 12.Bf2 g3 13.hxg3 hxg3 14.Bxg3 Nd5 15.e4 Ne3 16.Qc1 Nxf1 17.Kxf1 Rh1+ 18.Kf2 Bh4 19.Bxh4 Qxh4+ 20.g3 Qh2+ 21.Ke3 Nc6 22.Kd3 Qf2 23.Nb3 Nb4+ 24.Kd2 Rh2 25.Qd1 Ba6 26.Nd3 Nxd3 27.cxd3 Qxg3 28.Qf1 Qf4+ 29.Kd1 O-O-O 30.Kc2 Rdh8 31.Re1 Qe3 32.Kb1 Rf2 33.Qg1 Bxd3+ 34.Bxd3 Qxd3+ 35.Ka1 Qc2 36.Rb1 Rg2 37.Qf1 Rhg8 38.e5 Rg1 39.Qxg1 Rxg1 40.Rxg1 dxe5 41.dxe5 Qh2 42.Re1 Qg3 43.Rh1 Qxf3 44.Rh8+ Kb7 45.Nd2 Qd1+ 46.Nb1 a5 47.a3 b5 48.Ka2 Qd5+ 49.Ka1 b4 50.axb4 axb4 51.b3 Qxe5+ 52.Ka2 Qxh8 53.Nd2 Qh2 54.Ka1 Qxd2 55.Kb1 f5 56.Ka1 f4 57.Kb1 f3 58.Ka1 f2 59.Kb1 f1=R+

[Event "Sydney International Open 2007"]
[Site "Parramatta"]
[Date "2007.04.11"]
[Round "2"]
[White "Mikhalevski, Victor"]
[Black "Lin, Zhigen Wilson"]
[Result "1-0"]
[WhiteElo "2590"]
[BlackElo "2189"]
[WhiteACF "-"]
[BlackACF "2103"]
1.d4 d5 2.c4 e6 3.Nf3 Nf6 4.g3 dxc4 5.Bg2 a6 6.O-O b5 7.Ne5 Nd5 8.a4 Bb7 9.e4 Nf6 10.axb5 axb5 11.Rxa8 Bxa8 12.Nc3 c6 13.Be3 Be7 14.Qa1 Nbd7 15.Nxd7 Nxd7 16.d5 cxd5 17.exd5 b4 18.dxe6 Bxg2 19.exd7+ Qxd7 20.Kxg2 bxc3 21.Qa8+ Qd8 22.Qc6+ Qd7 23.Qa8+ Qd8 24.Qxd8+ Bxd8 25.bxc3 Bf6 26.Bd4 Bxd4 27.Re1+ Kd7 28.Rd1 Rc8 29.Rxd4+ Ke6 30.Kf3 Rc5 31.Re4+ Kd6 32.Ke3 Rc7 33.Kd4 f6 34.f4 Ra7 35.Kxc4 Ra2 36.h4 f5 37.Re3 Ra4+ 38.Kb5 Ra1 39.Rd3+ Kc7 40.c4 g6 41.Re3 Rb1+ 42.Kc5 Kd7 43.Ra3 Rb7 44.Kd5 Kc7 45.c5

[Event "Sydney International Open 2007"]
[Site "Parramatta"]
[Date "2007.04.11"]
[Round "2"]
[White "Dowden, Tony"]
[Black "Timoshenko, Georgy"]
[Result "0-1"]
[WhiteElo "2190"]
[BlackElo "2566"]
[WhiteACF "2096"]
[BlackACF "-"]
1.e4 c5 2.Nc3 Nc6 3.g3 g6 4.Bg2 Bg7 5.d3 d6 6.Be3 Rb8 7.Qd2 b5 8.Nge2 b4 9.Nd1 e6 10.O-O Nge7 11.Bh6 O-O 12.Bxg7 Kxg7 13.Ne3 e5 14.f4 f6 15.c3 a5 16.d4 bxc3 17.bxc3 cxd4 18.cxd4 Ba6 19.fxe5 dxe5 20.d5 Nd4 21.Bf3 Rb4 22.Nc2 Nxf3+ 23.Rxf3 Rxe4 24.Nc3 Rc4 25.Ne3 Rd4 26.Qf2 Qd6 27.Re1 Ng8 28.Nc2 Rc4 29.Ne4 Qc7 30.Na3 Rc1 31.Rxc1 Qxc1+ 32.Kg2 Rf7 33.Nd6 Re7 34.Ne8+ Rxe8 35.Qa7+ Re7 36.Qxa6 Qd2+ 37.Kg1 Qxd5 38.Rd3

[Event "Sydney International Open 2007"]
[Site "Parramatta"]
[Date "2007.04.11"]
[Round "2"]
[White "Wallis, Christopher"]
[Black "Matamoros Franco, Carlos S"]
[Result "0-1"]
[WhiteElo "2178"]
[BlackElo "2523"]
[WhiteACF "2178"]
[BlackACF "-"]
1.e4 e6 2.d4 d5 3.Nc3 Nf6 4.e5 Nfd7 5.f4 c5 6.Nf3 Nc6 7.Be3 Be7 8.Qd2 O-O 9.O-O-O c4 10.f5 b5 11.fxe6 fxe6 12.Bg5 b4 13.Ne2 c3 14.bxc3 bxc3 15.Nxc3 Ba3+ 16.Kb1 Qb6+ 17.Nb5 a6

[Event "Sydney International Open 2007"]
[Site "Parramatta"]
[Date "2007.04.11"]
[Round "2"]
[White "Rogers, Ian"]
[Black "Ilic, Ilija"]
[Result "1-0"]
[WhiteElo "2513"]
[BlackElo "2170"]
[WhiteACF "2621"]
[BlackACF "2150"]
1.d4 Nf6 2.c4 d6 3.Nc3 g6 4.e4 Bg7 5.Be2 O-O 6.Bg5 Nc6 7.d5 Ne5 8.f4 Ned7 9.Nh3 a5 10.Nf2 Nc5 11.O-O h6 12.Bh4 c6 13.Kh1 Nh7 14.Qd2 Qc7 15.Rae1 Re8 16.Bf3 e5 17.Bg3 g5 18.fxg5 hxg5 19.Bg4 Qe7 20.Bxc8 Raxc8 21.Ng4 f6 22.Ne3 Rcd8 23.Nf5 Qc7 24.Bf2 Bf8 25.Qe2 Qf7 26.Be3 Rd7 27.Rd1 Red8 28.Qg4 Qg6 29.dxc6 bxc6 30.Bxc5 dxc5 31.Rxd7 Rxd7 32.Nh6+ Bxh6 33.Qxd7 g4 34.Qxc6 Bf4 35.Nd5 Qh5 36.Nxf4 exf4 37.Qd5+ Qf7 38.Rxf4